00816nam a22002297a 4500001000700000003000900007005001700016007000300033008003500036040003000071082002900101100003200130245006700162264006900229300003300298336002800331337003400359338002900393600006900422650004500491650005000536001138DO-SdBPM20250703102004.0ta160812b 2006 pr |||| 00| 0 spa d aDO-SdBPMbspacBPMSUerda 4aRD860.9bD563n 2006 2221 aDi Pietro, Giovannieautor 13aLa narrativa de Roberto Marcallé Abreu /cGiovanni Di Pietro aSan Juan, Puerto Rico :bPublicaciones Puertorriqueñas,c2006. axix, 151 páginas ;c17 cm. atexto btxt2rdacontent asin mediación bn2rdamedia avolumen bnc2rdacarrier14aMarcallé Abreu, Roberto d1948- xCrítica e interpretación 7aNovela dominicana xHistoria y crítica 7aLiteratura dominicana x Historia y crítica